Plantilla Osasuna La Liga 24/25 - Estadísticas

Estadísticas generales
  • Esta prueba ha sido intentada 62 veces
  • La puntuación promedio es 16 de 23
Estadísticas de respuestas
Imagen Hint Respuesta % Correcto
10 Aimar
96%
1 S. Herrera
94%
17 Budimir
90%
14 Rubén García
90%
3 Juan Cruz
88%
7 Moncayola
88%
24 Catena
87%
6 Torró
87%
22 Boyomo
85%
19 Bryan
85%
16 Moi Gómez
77%
12 Areso
75%
15 Rubén Peña
73%
8 Ibáñez
69%
9 Raúl
69%
5 Herrando
67%
23 Abel Bretones
60%
11 Kike Barja
60%
4 Unai García
58%
Entrenador Vicente Moreno
58%
18 Iker Muñoz
37%
20 Jose Arnaiz
37%
13 Aitor Fdez.
15%
No se encontraron pruebas coincidentes
Distribución de puntuación
Porcentaje de gente con cada puntuación
Porcentaje por número respondido
Historial de tus puntuaciones
No has intentado esta prueba.